Nomi ufficiali dei paesi asiatici - Statistics

Statistiche generali
  • Questo quiz è stato fatto 7 volte
  • Il punteggio medio è 21 su 47
Statistiche sulle risposte
Paese (nome semplice) Nome ufficiale % Corretto
Cambogia Regno di Cambogia
67%
Filippine Repubblica delle Filippine
67%
Uzbekistan Repubblica dell'Uzbekistan
67%
Singapore Repubblica di Singapore
67%
Cina Repubblica popolare Cinese
67%
Emirati Arabi Uniti Emirati Arabi Uniti
50%
Georgia Georgia
50%
Malesia Malaysia
50%
Bahrein Regno del Bahrein
50%
Bhutan Regno del Bhutan
50%
Arabia Saudita Regno dell'Arabia Saudita
50%
Thailandia Regno di Thaillandia
50%
Kazakistan Repubblica del Kazakistan
50%
Kirghizistan Repubblica del Kirghizistan
50%
Maldive Repubblica delle Maldive
50%
Yemen Repubblica dello Yemen
50%
Tagikistan Repubblica del Tagikistan
50%
Turkmenistan Repubblica del Turkmenistan
50%
Timor Est Repubblica democratica di Timor Est
50%
Armenia Repubblica di Armenia
50%
Taiwan Repubblica di Cina
50%
Corea del Sud Repubblica di Corea
50%
Indonesia Repubblica d'Indonesia
50%
Turchia Repubblica di Turchia
50%
Pakistan Repubblica islamica del Pakistan
50%
Libano Repubblica Libanese
50%
Laos Repubblica popolare democratica del Laos
50%
Corea del Nord Repubblica popolare democratica di Corea
50%
Mongolia Mongolia
33%
Giordania Regno hascemita di Giordania
33%
Siria Repubblica araba di Siria
33%
Azerbaigian Repubblica dell'Azerbaigian
33%
India Repubblica dell'India
33%
Iraq Repubblica dell'Iraq
33%
Myanmar Repubblica dell'unione del Myanmar
33%
Sri Lanka Repubblica democratica socialista dello Sri Lanka
33%
Nepal Repubblica federale democratica del Nepal
33%
Afghanistan Repubblica islamica dell'Afghanistan
33%
Iran Repubblica islamica dell'Iran
33%
Bangladesh Repubblica popolare del Bangladesh
33%
Vietnam Repubblica socialista del Vietnam
33%
Brunei Stato del Brunei, dimora della pace
33%
Giappone Stato del Giappone
33%
Kuwait Stato del Kuwait
33%
Qatar Stato del Qatar
33%
Israele Stato d'Israele
33%
Oman Sultanato dell'Oman
33%
Nessun quiz corrispondente trovato
Distribuzione punteggi
Percentuale di utenti per punteggio
Percentile per numero di risposta
I tuoi punteggi nel tempo
Non hai fatto questo quiz